011950000a22002410004500003001100000008004100011040003900052041000800091245005100099260006400150300001000214490004200224650009200266650004100358650012400399650009400523650012100617650006000738650005400798942000700852952007900859999001500938LK-CoMWRAF230817t ||||| |||| 00| 0 eng d aLK-CoMWRAFdLK-CoMWRAFeLK-CoMWRAF aeng aA Hymn to CreationbEssays in Women & Religion bCentre for Society & ReligionaSri Lanka (Colombo 10)c1986 ap.108 aLogos - Volume 25 - No. 01 - May 1986 aA Statement on the Status, Role and Responsibility of the Muslim Woman (Jezima Ismail)  aA Women's Universe (Kajsa Ahlstrand) aImages of the Feminine in Religion with Special reference to Christian, Buddhist and Hindu Scriptures (Nirmala Salgado) aThe Origins of the Bible Revisited Reconstructing Women's History (Dr. Gabriele Dietrich) aThe Risen Christ and Ending, The Opperssion and Subjugation of Women, The Poor and the Downtrodden (Pauline Hensman) aTowards a Theology of Womanhood (Sr. Milburga Fernando) aWhat then is Feminist Theology? (Bernadeen Silva) cBK 00104070aMAINbMAINd2023-08-17l0pRAF4434r2023-08-17w2023-08-17yBK c2419d2419